Entry Término temático
001 - NÚMERO DE CONTROL
- campo de control: 147045
003 - IDENTIFICADOR DE NÚMERO DE CONTROL
- campo de control: OSt
005 - FECHA Y HORA DE LA ÚLTIMA TRANSACCIÓN
- campo de control: 20230222193044.0
008 - ELEMENTOS DE DATO DE LONGITUD-FIJA
- campo de control de longitud fija: 110609 b azzaaaaaa a aaa d
040 ## - FUENTE DE CATALOGACIÓN
- Centro catalogador/agencia de origen: OSt
- Centro/agencia transcriptor: OSt
150 ## - ENCABEZAMIENTO--TÉRMINO DE MATERIA
- Término de materia o nombre geográfico como elemento de entrada: Bruceliasis
400 1# - TRAZADO DE VÉASE--NOMBRE DE PERSONA
- Nombre de persona: Enfermedades por Brucella
400 1# - TRAZADO DE VÉASE--NOMBRE DE PERSONA
- Nombre de persona: Fiebre de Malta
400 1# - TRAZADO DE VÉASE--NOMBRE DE PERSONA
- Nombre de persona: Fiebre ondulante
400 1# - TRAZADO DE VÉASE--NOMBRE DE PERSONA
- Nombre de persona: Infecciones por Brucella
400 1# - TRAZADO DE VÉASE--NOMBRE DE PERSONA
- Nombre de persona: Melitococia
